Open Data Biblioteca Nacional de Portugal


República Portuguesa: Ministério da Cultura
Biblioteca Nacional de Portugal

Catálogo da BNP: acesso por Identificadores Unívocos
Registos Bibliográficos associados ao registo de autoridade

Etiqueta de registo: 00000nkm 2200025 450
001 2268071
003 http://id.bnportugal.gov.pt/bib/catbnp/2268071
100 ## $a20260218d1988 m y0pory01030103ba
101 0# $apor
102 ## $aPT
200 1# $aV Torneio Nacional de Futebol de Salão, Faro, 12 e 13 de novembro, Porto, 19 e 20 de novembro, Castelo Branco, 3 e 4 de dezembro$bVisual gráfico]$fSindicato Nacional dos Trabalhadores da Administração Local
210 #9 $a[Lisboa]$cSindicato Nacional dos Trabalhadores da Administração Local,$d1988$eOvar :$gTip. Ideal Ovarense, Lda.)
215 ## $a1 cartaz$ccolor.$d42,8x30,3 cm
317 ## $aColeção Madeira Luís
675 ## $a766(=1:469)"1988"(084.5)$vBN$zpor$31811746
710 02 $aTorneio Nacional de Futebol de Salão,$d5,$f1988$31991273
712 02 $aSindicato Nacional dos Trabalhadores da Administração Local$4557$331003
801 #0 $aPT$bBN$gRPC
966 ## $lBN$mICONOG$sCT. 14248 V.$x3
971 ## $cCaticonografia7$d20260218
972 ## $d20260313 $e0$vmferro$z0
995 ## $aPRR2026 $d20260218$iCaticonografia7

OpendataBNP@bnportugal.pt | Mais informação sobre acesso aos dados BNP